Σύνδρομο Down : γλωσσική ανάπτυξη, γλωσσικές δεξιότητες και παθολογία λόγου
Αποθηκεύτηκε σε:
| Κύριος συγγραφέας: | |
|---|---|
| Μορφή: | Βιβλίο |
| Γλώσσα: | Greek |
| Δημοσίευση: |
Θεσσαλονίκη :
Μέθεξις,
2018.
|
| Θέματα: | |
| Ετικέτες: |
Προσθήκη ετικέτας
Δεν υπάρχουν, Καταχωρήστε ετικέτα πρώτοι!
|
MARC
| LEADER | 00000nam a2200000 a 4500 | ||
|---|---|---|---|
| 001 | 1/126060 | ||
| 008 | 230127s2018####gr | ||| |||| ||gre|| | ||
| 020 | |a 9786185226503 | ||
| 040 | |a GR-MyUa |b gre |c GR-MyUa |e AACR2 | ||
| 041 | 0 | |a gre | |
| 082 | 7 | |a 616.858842 |2 (23) | |
| 100 | 1 | |a Κατσαρού, Δήμητρα Β. | |
| 245 | 1 | 0 | |a Σύνδρομο Down : |b γλωσσική ανάπτυξη, γλωσσικές δεξιότητες και παθολογία λόγου / |c Δήμητρα Β. Κατσαρού. |
| 260 | |a Θεσσαλονίκη : |b Μέθεξις, |c 2018. | ||
| 300 | |a 236 σ. : |b πίν., σχήμ. ; |c 21 εκ. | ||
| 504 | |a Βιβλιογραφία : σ. 179-236. | ||
| 650 | 0 | |a Down syndrome. | |
| 650 | 0 | |a Children with mental disabilities. | |
| 852 | |a INST |b RHODES |c EUDOXUS |e 20230127 |h 616.858842 ΚΑΤ |p 005400043376 |q 005400043376 |t EDX |y 0 | ||
| 920 | |a Εύδοξος |b Παραγγελία |y Ρόδος-ΤΕΠΑΕΣ |z 2022-12 | ||
| 970 | |a Σιδερή |b Νεκταρία |z 2023-01-027 | ||